000 01036nam a22003377a 4500
001 BR2011001145
003 BR-BrBNA
005 20230928103458.0
007 ta
008 230509b bl.||||| |||| 00| 0 por d
040 _aBR-BrBNA
_bpor
_cBiblioteca Nacional de Agricultura
041 _a(Por)
072 _aQ03
_b9702
_b8966
_b2285
090 _ 9702 BR2011001145
100 1 _aSoares, R. de A.
110 1 _aUniversidade Federal de Lavras, MG (Brasil)
_0Tese (Mestrado)
245 1 _aAtividade antimicrobiana de óleos essenciais frente à Salmonella enteritidis inoculada em carne moída bovina
260 3 _aLavras, MG (Brasil):
_c2010.
300 _a95 p.
500 _aSummaries (Eng, Por); Bibliography p. 80-94; 11 illus.
650 _aCARNE
650 _aBOVINO
650 _aÓLEO ESSENCIAL
650 _aORÉGANO
650 _aCAPIM LIMÃO
650 _aSALMONELLA ENTERITIDES
650 _aINOCULAÇÃO
650 _aMICROBIOLOGIA DE ALIMENTO
909 _a202309
_bLucia
_c55
_dLucia Elande
942 _cBK
999 _c75292
_d75292